All Blondie Songs - Statistics

General Stats
  • This quiz has been taken 301 times
    292 since last reset
  • The average score is 46 of 135
Answer Stats
Songs % Correct
Heart of Glass
95%
Call Me
89%
Maria
89%
Rapture
89%
Eat to the Beat Dreaming
87%
Parallel Lines Hanging on the Telephone
87%
One Way or Another
84%
Atomic
82%
Denis
80%
Sunday Girl
79%
Blondie X-Offender
77%
Eat to the Beat
74%
Union City Blue
73%
The Tide is High
71%
Picture This
66%
11:59
65%
Island of Lost Souls
62%
In the Flesh
60%
Rip Her to Shreds
57%
Pretty Baby
56%
Autoamerican Europa
54%
No Exit
54%
The Hardest Part
54%
Victor
54%
(I'm Always Touched by Your) Presence, Dear
52%
Shayla
52%
The Hunter Gets Captured by the Game
52%
I Know But I Don't Know
50%
Just Go Away
50%
I'm Gonna Love You Too
49%
Sound Asleep
49%
Accidents Never Happen
48%
In the Sun
48%
Kung Fu Girls
48%
War Child
48%
Will Anything Happen
48%
Here's Looking at You
46%
Man Overboard
46%
T-Birds
46%
English Boys
45%
Plastic Letters Fan Mail
45%
For Your Eyes Only
45%
Dragonfly
44%
No Imagination
44%
Youth Nabbed as Sniper
44%
Bermuda Triangle Blues
43%
Cautious Lip
41%
Danceway
41%
Love at the Pier
41%
The Attack of the Giant Ants
41%
Living in the Real World
40%
Angels on the Balcony
39%
Follow Me
39%
I'm On E
39%
Kidnapper
39%
Look Good in Blue
39%
Contact in Red Square
37%
Do the Dark
37%
Nothing Is Real But the Girl
37%
Slow Motion
37%
Fade Away and Radiate
35%
Walk Like Me
35%
Detroit 442
34%
I Didn't Have the Nerve to Say No
34%
Die Young Stay Pretty
32%
Live It Up
32%
Rifle Range
32%
Little Ceasar
30%
A Shark In Jets Clothing
29%
Faces
27%
Good Boys
27%
Go Through It
26%
Little Girl Lies
26%
Long Time
26%
Pollinator Doom or Destiny
24%
The Beast
24%
A Rose By Any Name
23%
Fragments
23%
Mother
23%
No Exit Screaming Skin
23%
Boom Boom in the Zoom Zoom Room
22%
Fun
22%
The Hunter Orchid Club
22%
(Can I) Find the Right Words (To Say)
20%
Forgive and Forget
20%
Gravity
18%
Out in the Streets
18%
What I Heard
18%
Already Naked
17%
Best Day Ever
17%
Dig Up the Conjo
17%
Relax
17%
China Shoes
16%
Golden Rod
16%
Ghosts of Download Sugar on the Side
16%
Under the Gun
16%
Backroom
15%
Panic of Girls D-Day
15%
Diamond Bridge
15%
Love Doesn't Frighten Me
15%
Love Level
15%
Mile High
15%
Rave
15%
The Curse of Blondie Shakedown
15%
The End the End
15%
Too Much
15%
Winter
15%
Divine
13%
Girlie Girlie
13%
Magic
13%
Night Wind Sent
13%
Songs of Love
13%
When I Gave Up on You
13%
Sunday Smile
12%
Happy Dog
11%
My Monster
11%
The Dream's Lost on Me
10%
Undone
10%
Wipe Off My Sweat
10%
Words in My Mouth
10%
Rules for Living
9%
Background Melody
7%
Euphoria
7%
The Tingler
7%
End to End
6%
Last One in the World
6%
Le Bleu
6%
Double Take
5%
Hello Joe
5%
I Screwed Up
5%
Take it Back
5%
Desire Brings Me Back
4%
I Want to Drag You Around
4%
Take Me in the Night
4%
Maka a Way
1%
No matching quizzes found
Score Distribution
Percent of People with Each Score
Percentile by Number Answered
Your Score History
You have not taken this quiz since the last reset